Song of Achilles - Statistics

General Stats
  • This quiz has been taken 256 times
  • The average score is 10 of 15
Answer Stats
Hint Answer % Correct
The son of a mortal and a god, he must choose between a long life of obscurity or a short life of fame Achilles
97%
Exiled as a boy and Achille's lover, he is killed on the battlefield in his attempt to save the Greeks Patroclus
95%
A beautiful Greek woman who triggers the battle for Troy after she is stolen (or willfully taken) from her husband Helen
87%
A centaur, who trains the young boys in medicine and battle up on Mount Pelion Chiron
81%
The eldest prince of Troy; the man who must die before Achilles, according to prophecy Hector
81%
A sea nymph, who is prophesied to bear a son that will be greater than his father Thetis
75%
The man who kidnapped the woman that started the Trojan War; responsible for killing Achilles with his bow and arrow. Paris
73%
The prince of Ithaca and a chief war adviser in the battle for Troy Odysseus
70%
The king of Mycenae and the commander of the Greek army at the battle of Troy Agamemnon
68%
A woman, made captive by the Greeks in their raid against Troy and given as a war prize to Achilles Briseis
59%
The king of Phthia and the father of Achilles Peleus
52%
The man whose wife was stolen from him, who invokes the oath taken by all of his wife's suitors to rally troops and get her back Menelaus
48%
A descendant of Zeus, he is the largest and second greatest warrior of the Greek army Ajax
47%
The son of Achilles, known for his fiery red hair, who joins the battle for Troy Pyrrhus
40%
The princess of Scyros who discovers Achilles dressed as a girl, while he hides from war Deidameia
39%
No matching quizzes found
Score Distribution
Percent of People with Each Score
Percentile by Number Answered
Your Score History
You have not taken this quiz